| 000 | 00935nam a2200277 a 4500 | ||
|---|---|---|---|
| 005 | 20200104041519.0 | ||
| 008 | 140226s1998 gw fr|||| 000 0 eng d | ||
| 040 |
_aCO-BoIAVH _cCO-BoIAVH |
||
| 041 | 0 | _aeng | |
| 044 | _agx | ||
| 082 | 0 | 4 |
_a333.75 _bE89e |
| 245 | 0 | 0 |
_aEurope and the world's forest : _breport for the Intergovernmental Forum on the Underlying causes of deforestation and forest degradation |
| 260 |
_aBonn : _bWorld Rainforest Movement : _bFERN, _c1998. |
||
| 300 |
_a36 páginas ; _c30 x 21 cm. |
||
| 650 | 1 | 6 | _aDeforestación |
| 650 | 2 | 6 | _aAreas degradadas |
| 650 | 2 | 6 | _aBosques tropicales |
| 650 | 2 | 6 | _aTenencia de tierras |
| 650 | 2 | 6 | _aPolíticas forestales |
| 650 | 2 | 6 | _aLegislación forestal |
| 650 | 2 | 6 | _aComercio internacional |
| 650 | 2 | 6 | _aPlantaciones forestales |
| 662 | _cEuropa | ||
| 700 | 1 | _aColchester, Marcus | |
| 942 |
_cLIBRO _2ddc |
||
| 999 |
_c1239 _d1239 |
||